Designer's color manual : (Record no. 20033)
[ view plain ]
| 000 -CABECERA | |
|---|---|
| campo de control de longitud fija | 00763nam a2200241 4500 |
| 003 - IDENTIFICADOR DEL NÚMERO DE CONTROL | |
| campo de control | OSt |
| 005 - FECHA Y HORA DE LA ÚLTIMA TRANSACCIÓN | |
| campo de control | 20260601171000.0 |
| 008 - DATOS DE LONGITUD FIJA--INFORMACIÓN GENERAL | |
| campo de control de longitud fija | 260501t2004\\\\xxua||||\||||\00|\0\eng\d |
| 020 ## - NÚMERO INTERNACIONAL ESTÁNDAR DEL LIBRO | |
| Número Internacional Estándar del Libro | 081184210X |
| 040 ## - FUENTE DE LA CATALOGACIÓN | |
| Centro catalogador/agencia de origen | ICI |
| Lengua de catalogación | spa |
| Centro/agencia transcriptor | ICI |
| 041 ## - CÓDIGO DE LENGUA | |
| Código de lengua del texto/banda sonora o título independiente | eng |
| 050 ## - SIGNATURA TOPOGRÁFICA DE LA BIBLIOTECA DEL CONGRESO | |
| Número de clasificación | NK1548 |
| Número de documento/Ítem | F73 |
| 100 #1 - ENTRADA PRINCIPAL--NOMBRE DE PERSONA | |
| Nombre de persona | Fraser, Tom, |
| Término indicativo de función/relación | autor |
| 9 (RLIN) | 31281 |
| 245 #1 - MENCIÓN DE TÍTULO | |
| Título | Designer's color manual : |
| Resto del título | the complete guide to color theory and application / |
| Mención de responsabilidad, etc. | Tom Fraser + Adam Banks |
| 264 ## - PRODUCCIÓN, PUBLICACIÓN, DISTRIBUCIÓN, FABRICACIÓN Y COPYRIGHT | |
| Producción, publicación, distribución, fabricación y copyright | San Francisco : |
| Nombre del de productor, editor, distribuidor, fabricante | Chronicle Books, |
| Fecha de producción, publicación, distribución, fabricación o copyright | 2004 |
| 300 ## - DESCRIPCIÓN FÍSICA | |
| Extensión | 224 páginas : |
| Otras características físicas | ilustraciones a color |
| 336 ## - TIPO DE CONTENIDO | |
| Término de tipo de contenido | texto |
| Fuente | rdacontent |
| 337 ## - TIPO DE MEDIO | |
| Nombre/término del tipo de medio | sin medio |
| Fuente | rdamedia |
| 338 ## - TIPO DE SOPORTE | |
| Nombre/término del tipo de soporte | volumen |
| Fuente | rdacarrier |
| 650 #1 - PUNTO DE ACCESO ADICIONAL DE MATERIA--TÉRMINO DE MATERIA | |
| Fuente del encabezamiento o término | Color en el diseño |
| Subdivisión general | Manuales |
| 9 (RLIN) | 31282 |
| 700 #1 - PUNTO DE ACCESO ADICIONAL--NOMBRE DE PERSONA | |
| Nombre de persona | Banks, Adam, |
| Término indicativo de función/relación | autor |
| 9 (RLIN) | 31283 |
| 942 ## - ELEMENTOS DE PUNTO DE ACCESO ADICIONAL (KOHA) | |
| Fuente del sistema de clasificación o colocación | Library of Congress Classification |
| Tipo de ítem Koha | Libros |
| Suprimir en OPAC | 1 |
No items available.